Quiz o Polsce - Statystyki

Ogólne statystyki
  • Ten quiz został rozwiązany 219 razy
  • Średni wynik to 13 z 15
Statystyki odpowiedzi
Zagadnienie Odpowiedź % Poprawnych
Ilu Polska ma Sąsiadów 7
100%
Kiedy Polska przyjeła chrzest 966
100%
Do jakiego morza ma Polska dostęp Bałtyckiego
100%
Jaka jest stolicą Polski Warszawa
100%
Kiedy Polska odzyskała niepodległość 1918
95%
Kto był 1 królem Polski Bolesław Chrobry
95%
Jaka była 1 stolica Polski Gniezno
95%
Czy Polska Graniczy z Rosją Tak
95%
Ile Polska ma województw 16
89%
Ile Polska ma mieszkańców Około 40 mln
84%
Jaki jest sport narodowy w Polsce Piłka Nożna
84%
Z kim Polska ma najkrótszą granice Z Litwą
79%
Z kim Polska ma najdłuższą granice Z Czecham
68%
Który wiek jest określany "Złotym Wiekiem" XVI
63%
Kto był ostatnim królem z dynastii Piastów Kazimierz Wielki
53%
Nie znaleziono quizów pasujących do podanych kryteriów
Rozkład punktacji
Procent ludzi z każdym wynikiem
Percentyl według liczby udzielonych odpowiedzi
Twoja historia wyników
Nie rozwiązałeś tego quizu